000 00372nam a22001457a 4500
005 20240708121652.0
008 240708b |||||||| |||| 00| 0 eng d
020 _a9788193182444
041 _aeng
100 _aBATRA, DINANATH
_98392
245 _aVIVIDHA SHIKSHA KE BAHUAAYAMI LEKH
260 _aNEW DELHI
_bSHIKSHA SANSKRITI UTTHAN NYAS
300 _a176;p
942 _cBK
999 _c8565
_d8563